Les Français vainqueurs de la LDC - Statistiques

Statistiques générales
  • Ce quiz a été pris 2 217 fois
  • Le résultat moyen est 22 sur 50
Statistiques - réponses
Club & Année Joueur % Correct
Real Madrid - 2014 Karim Benzema
92%
Real Madrid - 2016 Karim Benzema
92%
Real Madrid - 2017 Karim Benzema
92%
Real Madrid - 2018 Karim Benzema
92%
Real Madrid - 2002 Zinedine Zidane
89%
Real Madrid - 2014 Raphaël Varane
88%
Real Madrid - 2016 Raphaël Varane
88%
Real Madrid - 2017 Raphaël Varane
88%
Real Madrid - 2018 Raphaël Varane
88%
Marseille - 1993 Didier Deschamps
81%
Juventus - 1996 Didier Deschamps
81%
Bayern Munich - 2013 Franck Ribery
71%
Barcelone - 2009 Thierry Henry
71%
AC Milan - 1994 Jean-Pierre Papin
62%
Marseille - 1993 Fabien Barthez
58%
Marseille - 1993 Marcel Desailly
57%
AC Milan - 1994 Marcel Desailly
57%
Marseille - 1993 Basile Boli
56%
Manchester United - 2008 Patrice Evra
55%
Barcelone - 2015 Jérémy Mathieu
52%
Barcelone - 2009 Eric Abidal
51%
Barcelone - 2011 Eric Abidal
51%
Bayern Munich - 2001 Bixente Lizarazu
47%
Real Madrid - 2002 Claude Makélélé
41%
Real Madrid - 2000 Nicolas Anelka
41%
Chelsea - 2012 Nicolas Anelka
41%
Inter Milan - 2010 Patrick Vieira
38%
Real Madrid - 2018 Theo Hernandez
34%
Liverpool - 2005 Djibril Cissé
33%
Chelsea - 2012 Florent Malouda
32%
Barcelone - 2006 Ludovic Giuly
28%
Marseille - 1993 Eric Di Meco
25%
Real Madrid - 1998 Christian Karembeu
23%
Real Madrid - 2000 Christian Karembeu
23%
Bayern Munich - 2001 Willy Sagnol
23%
AC Milan - 2007 Yoann Gourcuff
19%
Marseille - 1993 Franck Sauzée
14%
Manchester United - 2008 Louis Saha
14%
Manchester United - 2008 Mikael Silvestre
13%
Marseille - 1993 Pascal Olmeta
12%
Liverpool - 2005 Anthony Le Tallec
11%
Liverpool - 2005 Florent Sinama-Pongolle
10%
Marseille - 1993 Jocelyn Angloma
10%
Marseille - 1993 Manuel Amoros
10%
Marseille - 1993 Bernard Casoni
8%
Marseille - 1993 Jean-Jacques Eydelie
7%
Marseille - 1993 Jean-Philippe Durand
7%
Marseille - 1993 Jean-Marc Ferreri
6%
Marseille - 1993 Jean-Christophe Thomas
4%
Marseille - 1993 Jean-Christophe Marquet
2%
Aucun quiz correspondant
Distribution des résultats
% des personnes avec chaque résultat
Percentile par nombre de réponses
Votre historique - résultats
Vous n’avez pas pris ce quiz